| 000 -LEADER |
| fixed length control field |
04524cam a2200505 i 4500 |
| 001 - CONTROL NUMBER |
| control field |
22776209 |
| 005 - DATE AND TIME OF LATEST TRANSACTION |
| control field |
20250416151315.0 |
| 008 - FIXED-LENGTH DATA ELEMENTS--GENERAL INFORMATION |
| fixed length control field |
220902t20222022nyu bd 001 0 eng d |
| 010 ## - LIBRARY OF CONGRESS CONTROL NUMBER |
| LC control number |
2022945705 |
| 020 ## - INTERNATIONAL STANDARD BOOK NUMBER |
| International Standard Book Number |
9780197599020 |
| Qualifying information |
(hardcover) |
| 020 ## - INTERNATIONAL STANDARD BOOK NUMBER |
| International Standard Book Number |
0197599028 |
| Qualifying information |
(hardcover) |
| 035 ## - SYSTEM CONTROL NUMBER |
| System control number |
(OCoLC)on1305914015 |
| 040 ## - CATALOGING SOURCE |
| Original cataloging agency |
YDX |
| Language of cataloging |
eng |
| Description conventions |
rda |
| Transcribing agency |
YDX |
| Modifying agency |
TOH |
| -- |
VGL |
| -- |
OCLCF |
| -- |
IMD |
| -- |
JTH |
| -- |
CDX |
| -- |
DLC |
| 042 ## - AUTHENTICATION CODE |
| Authentication code |
lccopycat |
| 043 ## - GEOGRAPHIC AREA CODE |
| Geographic area code |
n-us--- |
| 050 00 - LIBRARY OF CONGRESS CALL NUMBER |
| Classification number |
PE2827 |
| Item number |
.G37 2022 |
| 082 04 - DEWEY DECIMAL CLASSIFICATION NUMBER |
| Classification number |
428 |
| Author Mark |
GAR |
| 100 1# - MAIN ENTRY--PERSONAL NAME |
| Personal name |
Garner, Bryan A., |
| Relator term |
author. |
| 9 (RLIN) |
83457 |
| 240 10 - UNIFORM TITLE |
| Uniform title |
Garner's modern American usage |
| 245 10 - TITLE STATEMENT |
| Title |
Garner's modern English usage / |
| Statement of responsibility, etc. |
Bryan A. Garner. |
| 246 30 - VARYING FORM OF TITLE |
| Title proper/short title |
Modern English usage |
| 250 ## - EDITION STATEMENT |
| Edition statement |
Fifth edition. |
| 264 #1 - PRODUCTION, PUBLICATION, DISTRIBUTION, MANUFACTURE, AND COPYRIGHT NOTICE |
| Place of production, publication, distribution, manufacture |
New York, NY : |
| Name of producer, publisher, distributor, manufacturer |
Oxford University Press, |
| Date of production, publication, distribution, manufacture, or copyright notice |
2022. |
| 264 #4 - PRODUCTION, PUBLICATION, DISTRIBUTION, MANUFACTURE, AND COPYRIGHT NOTICE |
| Date of production, publication, distribution, manufacture, or copyright notice |
©2022 |
| 300 ## - PHYSICAL DESCRIPTION |
| Extent |
xxvi, 1276 pages ; |
| Dimensions |
26 cm |
| 336 ## - CONTENT TYPE |
| Content type term |
text |
| Content type code |
txt |
| Source |
rdacontent |
| 337 ## - MEDIA TYPE |
| Media type term |
unmediated |
| Media type code |
n |
| Source |
rdamedia |
| 338 ## - CARRIER TYPE |
| Carrier type term |
volume |
| Carrier type code |
nc |
| Source |
rdacarrier |
| 500 ## - GENERAL NOTE |
| General note |
Previous edition: 2016. |
| 500 ## - GENERAL NOTE |
| General note |
"The authority on grammar, usage, and style"--Jacket. |
| 504 ## - BIBLIOGRAPHY, ETC. NOTE |
| Bibliography, etc. note |
Includes bibliographical references (pages 1263-1265) and index. |
| 505 0# - FORMATTED CONTENTS NOTE |
| Formatted contents note |
List of essay entries -- Abbreviations -- Pronunciation key -- Key to the language-change index -- Garner's modern English usage -- Glossary of grammatical, rhetorical, and other language-related terms -- A timeline of books on usage -- Select bibliography -- Select index of people quoted or mentioned. |
| 520 ## - SUMMARY, ETC. |
| Summary, etc. |
"The most original and authoritative voice of today's English lexicography presents a fully revised new edition of his beloved usage dictionary. When Bryan Garner published the first edition of A Dictionary of Modern American Usage in 1999, the book quickly became one of the most influential style guides ever written for the English language. After four previous editions and over twenty years, our language has evolved in many ways, and the powerful tool of big data has revolutionized lexicography. This extensively revised new edition fully captures these changes, featuring a thousand new entries and over two hundred replacement entries, thoroughly updated usage data and ratios on word frequency based on the Google Ngram Viewer, a more balanced coverage of World Englishes, not just American and British, and the inclusion of gender-neutral language. However, one thing has not changed: in no sense is this a "regular" dictionary but a masterpiece of lexicography written with wit and personality by one of the preeminent authorities on the English language. To put it in David Foster Wallace's words, Garner's discussion of rhetoric and style still "borders on genius." From the (lost) battle between self-deprecating and self-depreciating to the misuse of it's for its, from the variant spelling patty-cake taking over pat-a-cake in American English to the singular uses of they, Garner explains the nuances of grammar and vocabulary and the linguistic blunders to which modern writers and speakers are prone, whether in word choice, syntax, phrasing, punctuation, or pronunciation. His empirical approach liberates English from two extremes: from the "purists" who maintain that split infinitives and sentence-ending prepositions are malfeasances and from the linguistic relativists who believe that whatever people say or write must necessarily be accepted. The purpose of Garner's dictionary is to help writers, editors, and speakers use the language effectively. And it does so in a playful and persuasive way that will help you sound "grammatical but relaxed, refined but natural, correct but unpedantic."-- |
| Assigning source |
Publisher's description. |
| 650 #0 - SUBJECT ADDED ENTRY--TOPICAL TERM |
| Topical term or geographic name entry element |
English language |
| General subdivision |
Usage |
| Form subdivision |
Dictionaries. |
| 9 (RLIN) |
83461 |
| 650 #0 - SUBJECT ADDED ENTRY--TOPICAL TERM |
| Topical term or geographic name entry element |
English language |
| Geographic subdivision |
United States |
| General subdivision |
Usage |
| Form subdivision |
Dictionaries. |
| 9 (RLIN) |
128705 |
| 650 #0 - SUBJECT ADDED ENTRY--TOPICAL TERM |
| Topical term or geographic name entry element |
Americanisms |
| Form subdivision |
Dictionaries. |
| 9 (RLIN) |
128706 |
| 650 #7 - SUBJECT ADDED ENTRY--TOPICAL TERM |
| Topical term or geographic name entry element |
English language |
| General subdivision |
Usage. |
| Source of heading or term |
fast |
| Authority record control number or standard number |
(OCoLC)fst00911918 |
| 9 (RLIN) |
13151 |
| 651 #7 - SUBJECT ADDED ENTRY--GEOGRAPHIC NAME |
| Geographic name |
United States. |
| Source of heading or term |
fast |
| Authority record control number or standard number |
(OCoLC)fst01204155 |
| 655 #7 - INDEX TERM--GENRE/FORM |
| Genre/form data or focus term |
Dictionaries. |
| Source of term |
lcgft |
| 9 (RLIN) |
18689 |
| 700 1# - ADDED ENTRY--PERSONAL NAME |
| Personal name |
Garner, Bryan A. |
| Title of a work |
Dictionary of modern American usage. |
| 9 (RLIN) |
128707 |
| 775 08 - OTHER EDITION ENTRY |
| Relationship information |
Revision of: |
| Main entry heading |
Garner, Bryan A. |
| Uniform title |
Garner's modern American usage. |
| Title |
Garner's modern English usage. |
| Edition |
Fourth edition. |
| Place, publisher, and date of publication |
New York, NY : Oxford University Press, 2016 |
| International Standard Book Number |
9780190491482 |
| Record control number |
(DLC) 2016591307 |
| -- |
(OCoLC)922726594 |
| 906 ## - LOCAL DATA ELEMENT F, LDF (RLIN) |
| a |
7 |
| b |
cbc |
| c |
copycat |
| d |
2 |
| e |
ncip |
| f |
20 |
| g |
y-gencatlg |
| 942 ## - ADDED ENTRY ELEMENTS (KOHA) |
| Source of classification or shelving scheme |
|
| Koha item type |
Book |